| 000 | 00576nam a22002057a 4500 | ||
|---|---|---|---|
| 003 | OSt | ||
| 005 | 20220817084237.0 | ||
| 008 | 220817b |||||||| |||| 00| 0 eng d | ||
| 020 | _a9780619215606 | ||
| 040 | _cIFM Library | ||
| 082 | _a658.403811 | ||
| 100 |
_aStair M.Ralph _94111 |
||
| 245 | _aFundamentals of Information Systems | ||
| 250 | _a3rd ed. | ||
| 260 |
_aNew York: _bThomson Course Technology, _c2006 |
||
| 300 | _axxvii, 414p.: ill,; 28cm. | ||
| 500 | _aIncludes Index | ||
| 700 |
_aReynolds W. George _94112 |
||
| 942 |
_cBK _2ddc _n0 |
||
| 999 |
_c16254 _d16254 |
||